Production operations management (Record no. 89192)

MARC details
000 -LEADER
fixed length control field 00475nam a2200181Ia 4500
008 - FIXED-LENGTH DATA ELEMENTS--GENERAL INFORMATION
fixed length control field 230125s9999 xx 000 0 und d
041 ## - LANGUAGE CODE
Language code of text/sound track or separate title eng
082 ## - DEWEY DECIMAL CLASSIFICATION NUMBER
Classification number 658.5
Item number GOA
100 ## - MAIN ENTRY--PERSONAL NAME
Personal name Goal B S
9 (RLIN) 112236
245 ## - TITLE STATEMENT
Title Production operations management
260 ## - PUBLICATION, DISTRIBUTION, ETC. (IMPRINT)
Date of publication, distribution, etc. 1997
Name of publisher, distributor, etc. Pragati publications
Place of publication, distribution, etc. Meerut
300 ## - PHYSICAL DESCRIPTION
Extent 544p
500 ## - GENERAL NOTE
Keywords Production management;Operations management
650 ## - SUBJECT ADDED ENTRY--TOPICAL TERM
Topical term or geographic name as entry element Management
700 ## - ADDED ENTRY--PERSONAL NAME
Personal name Goal B S
9 (RLIN) 112236
906 ## - LOCAL DATA ELEMENT F, LDF (RLIN)
b 15
Holdings
Withdrawn status Lost status Damaged status Not for loan Home library Current library Date acquired Vendor Cost, normal purchase price Total Checkouts Full call number Barcode Date last seen Cost, replacement price Bill Date Koha item type Original Barcode
        Smt. Hiraben Nanavati Institute of Management & Research for Women Smt. Hiraben Nanavati Institute of Management & Research for Women 29/09/1997 Pradeep Book Depot 100.00   658.5 GOA B00420 HIMR-BK-420 25/01/2023 85.00 29/09/1997 Books B00420